000
00306cam a2200121ua 4500
003
OSt
008
210922b ||||| |||| 00| 0 eng d
082
_a
627.02
_b
COR/MA
245
_a
Management of water projects /
260
_a
Mumbai :
_b
Oxford & IBH Book Company ,
_c
1985.
300
_a
254 ; .
942
_c
BK
999
_c
6251
_d
6251